[Event "LSS RA-2010-0-00109"]
[Site "LSS email"]
[Date "2010.11.01"]
[Round "?"]
[White "Latour, Gerard"]
[Black "Kunakov, Oleg"]
[Result "1-0"]
[WhiteElo "2137"]
[BlackElo "2072"]
[PlyCount "59"]
[EventDate "2010.09.23"]
[EventType "tourn (corr)"]
[EventRounds "6"]
[EventCountry "GER"]
[SourceTitle "Telechess CBM 143"]
[Source "ChessBase"]
[SourceDate "2011.07.15"]
[SourceVersion "1"]
[SourceVersionDate "2011.07.15"]
[SourceQuality "1"]

1. e4 e5 2. Nf3 Nc6 3. Bb5 a6 4. Ba4 b5 5. Bb3 Bb7 6. d4 exd4 7. 0-0 Bc5 8. c3 d3 9. a4 d6 10. Qxd3 Nf6 11. Bg5 Ne5 12. Nxe5 dxe5 13. Qe2 c6 14. Rd1 Qe7 15. axb5 axb5 16. Rxa8+ Bxa8 17. Rd3 0-0 18. Rf3 Kh8 19. Bxf6 gxf6 20. Rg3 Rg8 21. Rxg8+ Kxg8 22. Qg4+ Kf8 23. Qf5 Kg7 24. Nd2 Bb7 25. Nf1 Kh8 26. Ng3 Bb6 27. Ba2 Qd8 28. Bxf7 Qd1+ 29. Nf1 Kg7 30. Be6 1-0

[Event "CP-2010-P-00023"]
[Site "LSS email"]
[Date "2010.09.28"]
[Round "?"]
[White "Sinygovsky, Vladimir"]
[Black "Kunakov, Oleg"]
[Result "1/2-1/2"]
[WhiteElo "1253"]
[BlackElo "2086"]
[PlyCount "47"]
[EventDate "2010.10.01"]
[EventType "tourn (corr)"]
[EventRounds "6"]
[EventCountry "GER"]
[SourceTitle "Telechess CBM 143"]
[Source "ChessBase"]
[SourceDate "2011.07.15"]
[SourceVersion "1"]
[SourceVersionDate "2011.07.15"]
[SourceQuality "1"]

1. e4 e5 2. Nf3 Nc6 3. Bc4 Nf6 4. Ng5 d5 5. exd5 Na5 6. Bb5+ c6 7. dxc6 bxc6 8. Qf3 Be7 9. Bxc6+ Nxc6 10. Qxc6+ Bd7 11. Qf3 0-0 12. 0-0 Ng4 13. h3 Nxf2 14. Qxf2 Bxg5 15. Nc3 f5 16. d3 Be7 17. d4 Bh4 18. Qe3 exd4 19. Qxd4 Bf6 20. Qc4+ Rf7 21. Nd5 Rc8 22. Qd3 Be6 23. Nxf6+ Qxf6 24. Rf2 1/2-1/2

[Event "LSS SA-2010-0-00150"]
[Site "LSS email"]
[Date "2010.09.07"]
[Round "?"]
[White "Kunakov, Oleg"]
[Black "Catozzi, Mauro"]
[Result "0-1"]
[WhiteElo "1862"]
[BlackElo "2096"]
[PlyCount "30"]
[EventDate "2010.08.15"]
[EventType "tourn (corr)"]
[EventRounds "6"]
[EventCountry "GER"]
[SourceTitle "Corr 2013"]
[Source "ChessBase"]
[SourceDate "2012.11.12"]
[SourceVersion "1"]
[SourceVersionDate "2012.11.12"]
[SourceQuality "1"]

1. e4 c6 2. Nf3 d5 3. exd5 cxd5 4. d4 Nc6 5. Bd3 g6 6. c3 Bg7 7. 0-0 Nf6 8. Bf4 0-0 9. h3 a6 10. Nbd2 b5 11. b4 Qb6 12. Nb3 Ne4 13. Qc2 a5 14. a3 a4 15. Nc5 Nd6 0-1

[Event "LSS SA-2010-0-00150"]
[Site "LSS email"]
[Date "2010.09.07"]
[Round "?"]
[White "Rattay, Walter"]
[Black "Kunakov, Oleg"]
[Result "0-1"]
[WhiteElo "1887"]
[BlackElo "2086"]
[PlyCount "48"]
[EventDate "2010.08.15"]
[EventType "tourn (corr)"]
[EventRounds "6"]
[EventCountry "GER"]
[SourceTitle "Telechess CBM 143"]
[Source "ChessBase"]
[SourceDate "2011.07.15"]
[SourceVersion "1"]
[SourceVersionDate "2011.07.15"]
[SourceQuality "1"]

1. e4 e5 2. Nf3 Nc6 3. Bb5 a6 4. Bxc6 dxc6 5. 0-0 Qd6 6. b3 Bg4 7. h3 Bh5 8. d3 0-0-0 9. a4 f5 10. Nbd2 Nf6 11. Qe2 f4 12. Nc4 Qe6 13. Bb2 Bd6 14. b4 Rhe8 15. b5 cxb5 16. axb5 axb5 17. Nxd6+ Qxd6 18. d4 Qb4 19. dxe5 Qxb2 20. Ra8+ Kd7 21. Qd2+ Ke7 22. Rxd8 Rxd8 23. Qxf4 Bxf3 24. Qxf3 Qxe5 0-1

[Event "LSS SA-2010-0-00150"]
[Site "LSS email"]
[Date "2010.09.04"]
[Round "?"]
[White "Grego, Luis Jose Gonzaga"]
[Black "Kunakov, Oleg"]
[Result "1-0"]
[WhiteElo "1943"]
[BlackElo "1862"]
[PlyCount "43"]
[EventDate "2010.08.15"]
[EventType "tourn (corr)"]
[EventRounds "6"]
[EventCountry "GER"]
[SourceTitle "Telechess CBM 145"]
[Source "Chessbase"]
[SourceDate "2011.11.11"]
[SourceVersion "1"]
[SourceVersionDate "2011.11.11"]
[SourceQuality "1"]

1. d4 f5 2. c4 Nf6 3. Nc3 e6 4. g3 Be7 5. Bg2 0-0 6. Nf3 d6 7. 0-0 Qe8 8. Qc2 Nc6 9. d5 Nb4 10. Qb3 Na6 11. dxe6 Nc5 12. Qc2 Bxe6 13. Nd4 Bxc4 14. b4 Ncd7 15. Bf4 c6 16. Nxf5 d5 17. Rab1 Nb6 18. a4 g6 19. Ne3 Qf7 20. Be5 Nfd7 21. Ng4 Bg5 22. Bd4 1-0

[Event "LSS SA-2010-0-00149"]
[Site "LSS email"]
[Date "2010.09.04"]
[Round "?"]
[White "Kunakov, Oleg"]
[Black "Carroll, Patrick J"]
[Result "0-1"]
[WhiteElo "1869"]
[BlackElo "2105"]
[PlyCount "52"]
[EventDate "2010.08.14"]
[EventType "tourn (corr)"]
[EventRounds "6"]
[EventCountry "GER"]
[SourceTitle "Telechess CBM 147"]
[Source "ChessBase"]
[SourceDate "2012.03.16"]
[SourceVersion "1"]
[SourceVersionDate "2012.03.16"]
[SourceQuality "1"]

1. e4 c5 2. Nf3 Nc6 3. d4 cxd4 4. Nxd4 Nf6 5. Nc3 e5 6. Ndb5 d6 7. Nd5 Nxd5 8. exd5 Nb8 9. c4 Be7 10. Bd3 a6 11. Nc3 0-0 12. 0-0 f5 13. f3 Nd7 14. Be3 Bg5 15. Bf2 Qf6 16. Bc2 Qh6 17. a3 e4 18. fxe4 f4 19. Bd4 Bf6 20. Ne2 Ne5 21. Bxe5 Bxe5 22. Qd2 Bg4 23. Rab1 Rac8 24. b3 Qf6 25. Bd1 b5 26. cxb5 axb5 0-1

[Event "ZH-2010-0-00466"]
[Site "LSS email"]
[Date "2010.08.30"]
[Round "?"]
[White "Aalderink, Gerwin"]
[Black "Kunakov, Oleg"]
[Result "1-0"]
[WhiteElo "2027"]
[BlackElo "1862"]
[PlyCount "65"]
[EventDate "2010.08.20"]
[EventType "match (corr)"]
[EventRounds "2"]
[EventCountry "GER"]
[SourceTitle "Telechess CBM 147"]
[Source "ChessBase"]
[SourceDate "2012.03.16"]
[SourceVersion "1"]
[SourceVersionDate "2012.03.16"]
[SourceQuality "1"]

1. e4 e5 2. Nf3 Nc6 3. c3 d5 4. Qa4 f6 5. Bb5 Nge7 6. exd5 Qxd5 7. 0-0 e4 8. Ne1 Bd7 9. Na3 Ng6 10. d3 exd3 11. Nxd3 Bxa3 12. bxa3 Nce5 13. Bxd7+ Qxd7 14. Qxd7+ Nxd7 15. Re1+ Kf7 16. Be3 Rhd8 17. Rad1 Nde5 18. Nxe5+ Nxe5 19. Bf4 Rxd1 20. Rxd1 Re8 21. f3 g5 22. Bg3 Kg6 23. h4 gxh4 24. Bxh4 Re6 25. Rd8 Rc6 26. Be1 Ra6 27. Rg8+ Kf5 28. Rg7 h5 29. Bg3 b6 30. Rxc7 Rxa3 31. Rh7 Kg6 32. Rc7 Rxa2 33. Bxe5 1-0

[Event "ZH-2010-0-00457"]
[Site "LSS email"]
[Date "2010.08.04"]
[Round "?"]
[White "Bascetta, Biagio J"]
[Black "Kunakov, Oleg"]
[Result "1/2-1/2"]
[WhiteElo "2036"]
[BlackElo "2089"]
[PlyCount "53"]
[EventDate "2010.07.25"]
[EventType "match (corr)"]
[EventRounds "2"]
[EventCountry "GER"]
[SourceTitle "Telechess CBM 143"]
[Source "ChessBase"]
[SourceDate "2011.07.15"]
[SourceVersion "1"]
[SourceVersionDate "2011.07.15"]
[SourceQuality "1"]

1. e4 e5 2. Nf3 Nc6 3. Bc4 Nf6 4. d3 Bc5 5. c3 d6 6. Bb3 a6 7. Nbd2 0-0 8. h3 Ba7 9. 0-0 h6 10. Re1 Nh5 11. Nf1 Qf6 12. Be3 Nf4 13. Bxf4 Qxf4 14. Ne3 Ne7 15. d4 Re8 16. Rc1 b5 17. Nd5 Nxd5 18. Bxd5 Rb8 19. Re3 Re7 20. Ne1 Qh4 21. Rd3 Bd7 22. Nf3 Qf4 23. dxe5 dxe5 24. Qd2 Qxd2 25. Rxd2 g6 26. Rcd1 Be8 27. Bb3 1/2-1/2

[Event "LSS SA-2010-0-00137"]
[Site "LSS email"]
[Date "2010.06.23"]
[Round "?"]
[White "Orsolic, Marijan"]
[Black "Kunakov, Oleg"]
[Result "1-0"]
[WhiteElo "2109"]
[BlackElo "1862"]
[PlyCount "65"]
[EventDate "2010.05.30"]
[EventType "tourn (corr)"]
[EventRounds "6"]
[EventCountry "GER"]
[SourceTitle "Telechess CBM 147"]
[Source "ChessBase"]
[SourceDate "2012.03.16"]
[SourceVersion "1"]
[SourceVersionDate "2012.03.16"]
[SourceQuality "1"]

1. Nf3 f5 2. c4 Nf6 3. g3 e6 4. Bg2 Be7 5. 0-0 0-0 6. d4 d6 7. Nc3 Ne4 8. Qc2 Nxc3 9. Qxc3 Bf6 10. b4 Qe7 11. Bb2 Nc6 12. b5 Nd8 13. Rfe1 c5 14. Qc2 e5 15. dxc5 dxc5 16. e4 f4 17. gxf4 exf4 18. e5 Bg5 19. Rad1 Bf5 20. Qe2 Ne6 21. Rd6 Rae8 22. Qd1 Rf7 23. Re2 Bh6 24. Red2 Ng5 25. Nxg5 Qxg5 26. Rd8 Rff8 27. Rxe8 Rxe8 28. Rd6 Kh8 29. Qd5 Bg4 30. h3 Bxh3 31. e6 Qxg2+ 32. Qxg2 Bxg2 33. Kxg2 1-0

[Event "LSS SA-2010-0-00137"]
[Site "LSS email"]
[Date "2010.06.22"]
[Round "?"]
[White "De Waele, Willy"]
[Black "Kunakov, Oleg"]
[Result "1-0"]
[WhiteElo "1966"]
[BlackElo "2080"]
[PlyCount "89"]
[EventDate "2010.05.30"]
[EventType "tourn (corr)"]
[EventRounds "6"]
[EventCountry "GER"]
[SourceTitle "Telechess CBM 141"]
[Source "ChessBase"]
[SourceDate "2011.03.17"]
[SourceVersion "1"]
[SourceVersionDate "2011.03.17"]
[SourceQuality "1"]

1. e4 e5 2. Nf3 Nc6 3. Bb5 a6 4. Ba4 b5 5. Bb3 Bb7 6. 0-0 Nf6 7. d3 Be7 8. Re1 0-0 9. h3 d6 10. a3 Na5 11. Ba2 c5 12. Nbd2 Nc6 13. Nf1 Bc8 14. c3 Be6 15. Bxe6 fxe6 16. b4 Qd7 17. Ng3 a5 18. bxc5 dxc5 19. Qb3 Rab8 20. a4 b4 21. Be3 Bd6 22. Rab1 Rfc8 23. Nd2 Be7 24. Rec1 bxc3 25. Qxc3 Rb4 26. Qc2 Nd4 27. Bxd4 exd4 28. Rxb4 axb4 29. Nb3 c4 30. dxc4 Qxa4 31. c5 Qa6 32. Qd2 Qa3 33. Qd1 e5 34. Qd3 Kh8 35. c6 Bf8 36. Ra1 Qb2 37. Qa6 Rc7 38. Qa8 Kg8 39. Nc5 Rxc6 40. Nd3 Qc3 41. Ne2 Rc8 42. Nxc3 Rxa8 43. Rxa8 bxc3 44. f3 Nd7 45. Rd8 1-0

[Event "LSS SA-2010-0-00130"]
[Site "LSS email"]
[Date "2010.05.07"]
[Round "?"]
[White "Sanner, Zdzislaw"]
[Black "Kunakov, Oleg"]
[Result "1/2-1/2"]
[WhiteElo "2109"]
[BlackElo "2084"]
[PlyCount "57"]
[EventDate "2010.04.06"]
[EventType "tourn (corr)"]
[EventRounds "6"]
[EventCountry "GER"]
[SourceTitle "Telechess CBM 141"]
[Source "ChessBase"]
[SourceDate "2011.03.17"]
[SourceVersion "1"]
[SourceVersionDate "2011.03.17"]
[SourceQuality "1"]

1. e4 e5 2. Nf3 Nc6 3. Bc4 Nf6 4. Ng5 d5 5. exd5 Na5 6. Bb5+ c6 7. dxc6 bxc6 8. Qf3 Be7 9. Bxc6+ Nxc6 10. Qxc6+ Bd7 11. Qc4 0-0 12. Nc3 Rc8 13. Qe2 h6 14. Nf3 e4 15. Ne5 Be6 16. Nxe4 Bf5 17. Nc3 Bc5 18. Nc4 Bxc2 19. d4 Bxd4 20. Qxc2 Rxc4 21. 0-0 Qc7 22. h3 Bxc3 23. bxc3 Nd5 24. Bb2 Rc8 25. Rfe1 Nxc3 26. Rac1 Nxa2 27. Qxc4 Qxc4 28. Rxc4 Rxc4 29. Re8+ 1/2-1/2

[Event "LSS BI-2010-P-00011"]
[Site "LSS email"]
[Date "2010.04.19"]
[Round "?"]
[White "Kunakov, Oleg"]
[Black "Roques, Pascal"]
[Result "1/2-1/2"]
[WhiteElo "1862"]
[BlackElo "2163"]
[PlyCount "46"]
[EventDate "2010.04.22"]
[EventType "tourn (corr)"]
[EventRounds "10"]
[EventCountry "GER"]
[SourceTitle "Telechess CBM 147"]
[Source "ChessBase"]
[SourceDate "2012.03.16"]
[SourceVersion "1"]
[SourceVersionDate "2012.03.16"]
[SourceQuality "1"]

1. e4 Nc6 2. Nf3 e5 3. Bb5 a6 4. Bxc6 dxc6 5. 0-0 Qd6 6. d3 Be6 7. Be3 Nf6 8. Nbd2 Ng4 9. Ng5 Bd7 10. Nc4 Qh6 11. Nf3 Nxe3 12. Nxe3 f6 13. Qd2 Bc5 14. Rfe1 0-0-0 15. b4 Bxe3 16. Qxe3 Qxe3 17. fxe3 Bg4 18. Kf2 Kd7 19. Kg3 Bxf3 20. gxf3 Ke6 21. a4 Rhf8 22. Rg1 f5 23. Raf1 Rf6 1/2-1/2

[Event "LSS BI-2010-P-00011"]
[Site "LSS email"]
[Date "2010.04.19"]
[Round "?"]
[White "Kunakov, Oleg"]
[Black "Tavani, Alberto"]
[Result "0-1"]
[WhiteElo "1862"]
[BlackElo "2254"]
[PlyCount "72"]
[EventDate "2010.04.22"]
[EventType "tourn (corr)"]
[EventRounds "10"]
[EventCountry "GER"]
[SourceTitle "Telechess CBM 147"]
[Source "ChessBase"]
[SourceDate "2012.03.16"]
[SourceVersion "1"]
[SourceVersionDate "2012.03.16"]
[SourceQuality "1"]

1. e4 e5 2. Nf3 Nc6 3. Bb5 Nf6 4. 0-0 Be7 5. Re1 d6 6. d4 exd4 7. Nxd4 Bd7 8. Nc3 0-0 9. Bxc6 bxc6 10. Qf3 Rb8 11. b3 Re8 12. h3 h6 13. Nf5 Bxf5 14. exf5 d5 15. Be3 d4 16. Rad1 c5 17. Bc1 Qd7 18. Ne4 Nxe4 19. Rxe4 Bf6 20. Rde1 c4 21. Bf4 Rxe4 22. Qxe4 c3 23. Qd3 a5 24. a4 Rc8 25. Kf1 c5 26. Be5 Bg5 27. Re2 Bd2 28. Kg1 Re8 29. Kf1 f6 30. Bh2 Rxe2 31. Kxe2 Qe8+ 32. Kf3 Kh7 33. Qe4 Qh5+ 34. Kg3 Qf7 35. Kf3 c4 36. bxc4 Qxc4 0-1

[Event "LSS RA-2010-0-00080"]
[Site "LSS email"]
[Date "2010.02.08"]
[Round "?"]
[White "Kunakov, Oleg"]
[Black "Sabo, Marko"]
[Result "1/2-1/2"]
[WhiteElo "2080"]
[BlackElo "2084"]
[PlyCount "90"]
[EventDate "2010.01.16"]
[EventType "tourn (corr)"]
[EventRounds "6"]
[EventCountry "GER"]
[SourceTitle "Corr 2013"]
[Source "ChessBase"]
[SourceDate "2012.11.12"]
[SourceVersion "1"]
[SourceVersionDate "2012.11.12"]
[SourceQuality "1"]

1. e4 e5 2. Nf3 Nc6 3. Bc4 Bc5 4. c3 Nf6 5. d3 a6 6. 0-0 d6 7. Bb3 0-0 8. Nbd2 h6 9. Re1 Ng4 10. Re2 Nf6 11. Nc4 Ba7 12. h3 Nh5 13. Re1 Qf6 14. Ne3 Nf4 15. Nd5 Nxd5 16. exd5 Ne7 17. d4 exd4 18. Nxd4 Re8 19. Re3 Bd7 20. Rf3 Qe5 21. Be3 Nxd5 22. Qd2 Nf6 23. Bf4 Qh5 24. Bxh6 Kh7 25. Be3 Kg8 26. Qd3 Re5 27. g4 Qh4 28. Qc4 Rf8 29. Qxc7 Bxd4 30. cxd4 Bc6 31. Qxc6 bxc6 32. dxe5 dxe5 33. Rc1 e4 34. Rg3 Rd8 35. Rxc6 Nd5 36. Bxd5 Rxd5 37. g5 Qh5 38. g6 Qd1+ 39. Kg2 Rd6 40. Rc8+ Rd8 41. gxf7+ Kxf7 42. Rc4 Qd5 43. b3 Rd7 44. Rg4 Re7 45. Rc8 Qd3 1/2-1/2

[Event "LSS RA-2010-0-00080"]
[Site "LSS email"]
[Date "2010.02.07"]
[Round "?"]
[White "Kunakov, Oleg"]
[Black "Dehaybe, Andre"]
[Result "1/2-1/2"]
[WhiteElo "2080"]
[BlackElo "1870"]
[PlyCount "72"]
[EventDate "2010.01.16"]
[EventType "tourn (corr)"]
[EventRounds "6"]
[EventCountry "GER"]
[SourceTitle "Corr 2013"]
[Source "ChessBase"]
[SourceDate "2012.11.12"]
[SourceVersion "1"]
[SourceVersionDate "2012.11.12"]
[SourceQuality "1"]

1. e4 e6 2. d4 d5 3. exd5 exd5 4. Nf3 Nf6 5. Bd3 Bd6 6. 0-0 0-0 7. Bg5 h6 8. Bh4 c6 9. c3 Be6 10. Nbd2 Nbd7 11. Qc2 Qc7 12. Rfe1 Rfe8 13. Re2 Nh5 14. Bg3 Nxg3 15. hxg3 Nf6 16. Rae1 Bg4 17. Rxe8+ Rxe8 18. Rxe8+ Nxe8 19. c4 dxc4 20. Nxc4 Be6 21. Nxd6 Qxd6 22. a3 Qd5 23. Qc5 g6 24. Qe7 Nd6 25. Qf6 a5 26. Qe5 Qxe5 27. dxe5 Nc4 28. Bxc4 Bxc4 29. Nd2 Bd5 30. g4 Kg7 31. f4 f6 32. exf6+ Kxf6 33. g3 g5 34. Kf2 Ke6 35. b3 b5 36. Ke3 c5 1/2-1/2

[Event "LSS RA-2010-0-00080"]
[Site "LSS email"]
[Date "2010.02.07"]
[Round "?"]
[White "Sorcinelli, Andrea"]
[Black "Kunakov, Oleg"]
[Result "1/2-1/2"]
[WhiteElo "1839"]
[BlackElo "1862"]
[PlyCount "61"]
[EventDate "2010.01.16"]
[EventType "tourn (corr)"]
[EventRounds "6"]
[EventCountry "GER"]
[SourceTitle "Telechess CBM 147"]
[Source "ChessBase"]
[SourceDate "2012.03.16"]
[SourceVersion "1"]
[SourceVersionDate "2012.03.16"]
[SourceQuality "1"]

1. e4 e5 2. Nf3 Nc6 3. Nc3 Nf6 4. g3 Bc5 5. Bg2 d6 6. 0-0 0-0 7. d3 Be6 8. Na4 Bb6 9. Nxb6 axb6 10. b3 Qe7 11. Bb2 Bg4 12. a4 h6 13. h3 Bxf3 14. Bxf3 Nd4 15. Bg2 c5 16. c3 Nc6 17. Re1 Qc7 18. Rb1 Na7 19. d4 b5 20. axb5 Nxb5 21. Qd3 Qb6 22. b4 cxd4 23. cxd4 Rfe8 24. Red1 Kf8 25. Rbc1 exd4 26. Bxd4 Nxd4 27. Qxd4 Qxd4 28. Rxd4 Re6 29. Rcd1 Ke7 30. f4 Ra3 31. f5 1/2-1/2

[Event "LSS SA-2009-0-00107"]
[Site "LSS email"]
[Date "2010.01.03"]
[Round "?"]
[White "Kunakov, Oleg"]
[Black "Herzog, Klaus"]
[Result "0-1"]
[WhiteElo "2062"]
[BlackElo "2008"]
[PlyCount "54"]
[EventDate "2009.12.19"]
[EventType "tourn (corr)"]
[EventRounds "6"]
[EventCountry "GER"]
[SourceTitle "Corr 2013"]
[Source "ChessBase"]
[SourceDate "2012.11.12"]
[SourceVersion "1"]
[SourceVersionDate "2012.11.12"]
[SourceQuality "1"]
[WhiteTeam "US of America"]
[BlackTeam "US of America"]
[WhiteTeamCountry "USA"]
[BlackTeamCountry "USA"]

1. e4 e5 2. Nf3 Nc6 3. Bb5 a6 4. Bxc6 dxc6 5. 0-0 Bg4 6. h3 h5 7. d3 Qf6 8. Be3 Bxf3 9. Qxf3 Qxf3 10. gxf3 Bd6 11. Nd2 Ne7 12. Rab1 f5 13. Bg5 f4 14. Kh2 Ng6 15. Rg1 Nf8 16. a4 h4 17. Rg4 Ne6 18. Rbg1 Rh5 19. a5 Kf7 20. R1g2 b6 21. axb6 cxb6 22. c3 c5 23. Nb1 Bc7 24. Nd2 b5 25. Nb1 Bd8 26. Bxd8 Rxd8 27. d4 cxd4 0-1

[Event "LSS SA-2009-0-00107"]
[Site "LSS email"]
[Date "2010.01.03"]
[Round "?"]
[White "Kunakov, Oleg"]
[Black "Sacerdotali, Sergio"]
[Result "0-1"]
[WhiteElo "2061"]
[BlackElo "2156"]
[PlyCount "108"]
[EventDate "2009.12.19"]
[EventType "tourn (corr)"]
[EventRounds "6"]
[EventCountry "GER"]
[SourceTitle "Telechess CBM 141"]
[Source "ChessBase"]
[SourceDate "2011.03.17"]
[SourceVersion "1"]
[SourceVersionDate "2011.03.17"]
[SourceQuality "1"]

1. e4 e5 2. Nf3 Nc6 3. Bb5 a6 4. Bxc6 dxc6 5. 0-0 Qf6 6. h3 Ne7 7. c3 Ng6 8. d4 Bd6 9. Bg5 Qe6 10. Nbd2 f6 11. Be3 0-0 12. dxe5 fxe5 13. Ng5 Qf6 14. Ngf3 Be6 15. Ng5 Bd7 16. Qb3+ Kh8 17. Rad1 Nh4 18. g3 Qg6 19. gxh4 h6 20. f3 Rab8 21. Rf2 b5 22. Rg2 hxg5 23. hxg5 Be6 24. Qc2 Qh5 25. h4 a5 26. Bf2 a4 27. a3 Rf7 28. Rc1 Bf8 29. c4 bxc4 30. Rb1 Rf4 31. Qc3 Rb5 32. Rh2 Bc5 33. Bxc5 Rxc5 34. Qb4 Rb5 35. Qe7 c3 36. Qxe6 cxd2 37. Rxd2 Rb8 38. Rf1 Rxh4 39. Qxe5 Rb5 40. Qe7 Rh1+ 41. Kf2 Rxf1+ 42. Kxf1 Qxf3+ 43. Ke1 Qg3+ 44. Kd1 Kh7 45. Kc2 Rxg5 46. Kb1 Qg1+ 47. Ka2 Rh5 48. Qf7 Rh1 49. Qf5+ Kh6 50. Qf4+ g5 51. Qf6+ Kh5 52. Qf7+ Kh4 53. Qf2+ Qxf2 54. Rxf2 g4 0-1

[Event "LSS RB-2009-0-00062"]
[Site "LSS email"]
[Date "2009.09.07"]
[Round "?"]
[White "Kunakov, Oleg"]
[Black "Marculescu, Gheorghe"]
[Result "1/2-1/2"]
[WhiteElo "1966"]
[BlackElo "1841"]
[PlyCount "64"]
[EventDate "2009.08.05"]
[EventType "tourn (corr)"]
[EventRounds "6"]
[EventCountry "GER"]
[SourceTitle "Corr 2011"]
[Source "ChessBase"]
[SourceDate "2010.08.31"]
[SourceVersion "1"]
[SourceVersionDate "2010.08.31"]
[SourceQuality "1"]

1. e4 e5 2. Nf3 Nc6 3. Bb5 Nf6 4. Ng5 Nd4 5. Nc3 Bc5 6. 0-0 0-0 7. Nf3 Re8 8. Be2 h6 9. d3 d5 10. Nxd4 exd4 11. Nxd5 Nxd5 12. exd5 Qxd5 13. Bf4 Bd6 14. Bf3 Qc5 15. Bxd6 Qxd6 16. h3 Bd7 17. Rb1 Bc6 18. Bxc6 Qxc6 19. Qd2 Re6 20. Rfe1 Rae8 21. Rxe6 Qxe6 22. Qa5 a6 23. Qa4 c5 24. Qa5 g6 25. b3 Qe5 26. a4 Kg7 27. b4 cxb4 28. Qxe5+ Rxe5 29. Rxb4 Re1+ 30. Kh2 Re2 31. Kg3 Rxc2 32. Rxb7 Rd2 1/2-1/2

[Event "LSS SB-2009-0-00060"]
[Site "LSS email"]
[Date "2009.08.31"]
[Round "?"]
[White "Kunakov, Oleg"]
[Black "Van Bommel, Ton"]
[Result "1-0"]
[WhiteElo "1862"]
[BlackElo "1732"]
[PlyCount "107"]
[EventDate "2009.07.19"]
[EventType "tourn (corr)"]
[EventRounds "6"]
[EventCountry "GER"]
[SourceTitle "Corr 2013"]
[Source "ChessBase"]
[SourceDate "2012.11.12"]
[SourceVersion "1"]
[SourceVersionDate "2012.11.12"]
[SourceQuality "1"]
[WhiteTeam "US of America"]
[BlackTeam "US of America"]
[WhiteTeamCountry "USA"]
[BlackTeamCountry "USA"]

1. e4 e5 2. Nf3 Nc6 3. Bc4 Nf6 4. Ng5 d5 5. exd5 Nxd5 6. Nxf7 Kxf7 7. Qf3+ Ke6 8. Nc3 Ncb4 9. Bb3 c6 10. a3 Na6 11. Nxd5 cxd5 12. d4 Kd7 13. 0-0 e4 14. Qf7+ Kc6 15. c4 Nc7 16. cxd5+ Kb6 17. d6 Bxd6 18. Be3 Qd7 19. Qc4 Qb5 20. d5+ Bc5 21. Qc3 Bxe3 22. Qxe3+ Qc5 23. Qg3 Nb5 24. Rac1 Nd4 25. Qxg7 Ne2+ 26. Kh1 Nxc1 27. Qh6+ Ka5 28. Qd2+ Ka6 29. Rxc1 Qd6 30. Bc4+ b5 31. Bxb5+ Kxb5 32. Rc6 Qxc6 33. Qb4+ Ka6 34. dxc6 Bg4 35. Qc5 Rhb8 36. b4 Rb5 37. Qc4 Kb6 38. a4 Rh5 39. Qxe4 Rd8 40. Qxg4 Rh4 41. a5+ Kxc6 42. Qe6+ Kb5 43. g4 Rh3 44. Qe7 Rhd3 45. Qxa7 Kxb4 46. Qb6+ Kc4 47. a6 Rf8 48. Qc6+ Kb4 49. Qe4+ Kc3 50. a7 Rd1+ 51. Kg2 Rdd8 52. Qxh7 Rg8 53. Kg3 Kd4 54. h4 1-0

[Event "LSS RB-2009-0-00058"]
[Site "LSS email"]
[Date "2009.08.06"]
[Round "?"]
[White "Kunakov, Oleg"]
[Black "O'Neill, Jon"]
[Result "1-0"]
[WhiteElo "1966"]
[BlackElo "1876"]
[PlyCount "33"]
[EventDate "2009.06.27"]
[EventType "tourn (corr)"]
[EventRounds "6"]
[EventCountry "GER"]
[SourceTitle "Corr 2011"]
[Source "ChessBase"]
[SourceDate "2010.08.31"]
[SourceVersion "1"]
[SourceVersionDate "2010.08.31"]
[SourceQuality "1"]

1. e4 c5 2. Nc3 Nc6 3. f4 g6 4. Nf3 Bg7 5. Bb5 Nd4 6. 0-0 e6 7. e5 Ne7 8. Nxd4 cxd4 9. Ne4 Qb6 10. Nd6+ Kf8 11. a4 h5 12. a5 Qc5 13. Bd3 Nf5 14. b4 Qc7 15. Bxf5 gxf5 16. Bb2 a6 17. Bxd4 1-0